| 000 | 00462cam a22001457a 4500 | ||
|---|---|---|---|
| 008 | 180718b1989 xxu||||| |||| 00| 0 eng d | ||
| 082 | _aBA27x5413 T326 | ||
| 100 | _aThakur, R.N. | ||
| 245 |
_aSocial matrix of tribal village _cby R.N. Thakur |
||
| 260 |
_aDelhi _bArchives Books _c1989 |
||
| 300 | _a135p. | ||
| 650 | _aAmwar Santali (India) --Economic conditions. | ||
| 650 | _aAmwar Santali (India) --Social conditions | ||
| 650 | _aSantal (South Asian people) | ||
| 999 |
_c477658 _d477658 |
||